| 000 | 00350nam a22001337a 4500 | ||
|---|---|---|---|
| 020 | _a81-7371-540-8 | ||
| 082 |
_a363.7 _bBHA/T |
||
| 100 | _aBHAUCHA ERACH | ||
| 245 |
_aTEXTBOOK OF ENVIRONMENTAL STUDIES _bFOR UNDERGRADUATE COURSE |
||
| 260 |
_aHYDERABAD _bUNIVERSITIES PRESS _c2005 |
||
| 300 | _a276 | ||
| 650 |
_aBIOLOGY REFERENCE _zINDIA |
||
| 942 | _cBK | ||
| 999 |
_c1455 _d1455 |
||